| 000 | 00714nam a22002297a 4500 | ||
|---|---|---|---|
| 003 | 0 | ||
| 005 | 20250124123257.0 | ||
| 008 | 250124b xxu||||| |||| 00| 0 eng d | ||
| 020 | _a978-93-575110-9-4 | ||
| 050 |
_aQA 76.9 _b.V47 2024 |
||
| 100 | _aVerma, Manoj | ||
| 245 |
_aEmbedded systems world class design _cManoj Verma |
||
| 250 | _aFirst edition | ||
| 260 |
_aNew Delhi _bRandom Publications, LLC _c2024 |
||
| 300 |
_aix, 276 pages : _billustrations ; _c24cm. |
||
| 504 | _aIncludes bibliographical references and index. | ||
| 650 | _aEmbedded systems. | ||
| 650 | _aMicroprocessor-based systems. | ||
| 650 | _aSystems design. | ||
| 650 | _aComputer architecture—Design. | ||
| 942 |
_2lcc _cBK |
||
| 999 |
_c367052 _d367052 |
||